Detalles MARC
| 000 -CABECERA |
| campo de control de longitud fija |
02060nam a2200241 a 4500 |
| 003 - IDENTIFICADOR DEL NÚMERO DE CONTROL |
| campo de control |
OSt |
| 005 - FECHA Y HORA DE LA ÚLTIMA TRANSACCIÓN |
| campo de control |
20210122114342.0 |
| 008 - DATOS DE LONGITUD FIJA--INFORMACIÓN GENERAL |
| campo de control de longitud fija |
180327s2009 dr o000 0 spa d |
| 040 ## - FUENTE DE LA CATALOGACIÓN |
| Centro catalogador/agencia de origen |
DO-SdBNP |
| Lengua de catalogación |
spa |
| Centro/agencia transcriptor |
BNPHU |
| 082 #4 - NÚMERO DE LA CLASIFICACIÓN DECIMAL DEWEY |
| Número de clasificación |
352.48 |
| Número de documento/Ítem |
R426p, 2009 |
| Número de edición |
22 |
| 110 2# - ENTRADA PRINCIPAL--NOMBRE DE ENTIDAD CORPORATIVA |
| Nombre de entidad corporativa o nombre de jurisdicción como elemento de entrada |
República Dominicana |
| 9 (RLIN) |
11088 |
| Unidad subordinada |
Secretaría de Estado de Hacienda |
| 240 ## - TÍTULO UNIFORME |
| Título uniforme |
[Leyes, etc.] |
| 245 10 - MENCIÓN DE TÍTULO |
| Título |
Presupuesto de ingresos y ley de gastos públicos 2009 |
| 260 ## - PUBLICACIÓN, DISTRIBUCIÓN, ETC. |
| Lugar de publicación, distribución, etc. |
Santo Domingo : |
| Nombre del editor, distribuidor, etc. |
Secretaria de Estado de Hacienda. Dirección General de Presupuesto |
| Fecha de publicación, distribución, etc. |
2009 |
| 300 ## - DESCRIPCIÓN FÍSICA |
| Extensión |
2v. ; |
| Dimensiones |
28 cm. |
| 505 2# - NOTA DE CONTENIDO CON FORMATO |
| Nota de contenido con formato |
v.1. : Presupuesto del Gobierno Central -- |
| Título |
Primera parte : Presupuesto de ingresos y ley de gastos públicos -- |
| -- |
Segunda parte : Información de los ingresos -- |
| -- |
Gráficos de los ingresos -- |
| -- |
Información de los ingresos -- |
| -- |
Recursos externos y contrapartidas por Secretaría de Estado -- |
| -- |
Transferencias a instituciones por fuente de financiamiento -- |
| -- |
Proyecto por programa, fuentes y organismo financiador, según capítulos -- |
| -- |
Programas sociales |
| -- |
Estimación de los gastos tributarios -- |
| -- |
Matriz de gastos tributarios -- |
| -- |
Tercera parte : Distribución institucional de los gastos presupuestados -- |
| -- |
Poder Legislativo -- |
| -- |
Poder Judicial -- |
| -- |
Organismos especiales -- |
| -- |
Programas virtuales -- |
| -- |
Cuarta parte -- |
| -- |
Cuarta parte : Transferencias corrientes a organizaciones no gubernamentales (ONG). |
| -- |
v.2 : Presupuesto de las instituciones descentralizadas y autónomas no financieras y de las instituciones públicas de la seguridad social. |
| -- |
Primera parte :Presupuesto de ingresos y gastos de las instituciones descentralizadas y autónomas no financieras |
| -- |
Resumen del proyecto de presupuesto de ingresos año 2009 -- |
| -- |
Resumen del presupuesto de gastos. |
| 590 ## - NOTA LOCAL (RLIN) |
| Nota local |
Inventariado, 2021 /VM |
| 650 #4 - PUNTO DE ACCESO ADICIONAL DE MATERIA--TÉRMINO DE MATERIA |
| Término de materia o nombre geográfico como elemento de entrada |
Gasto público |
| Subdivisión general |
Legislación |
| Subdivisión geográfica |
República Dominicana |
| 9 (RLIN) |
7940 |
| Fuente del encabezamiento o término |
|
| 650 #4 - PUNTO DE ACCESO ADICIONAL DE MATERIA--TÉRMINO DE MATERIA |
| Término de materia o nombre geográfico como elemento de entrada |
Hacienda pública |
| Subdivisión geográfica |
República Dominicana |
| 9 (RLIN) |
6562 |
| 650 #4 - PUNTO DE ACCESO ADICIONAL DE MATERIA--TÉRMINO DE MATERIA |
| Término de materia o nombre geográfico como elemento de entrada |
Finanzas públicas |
| Subdivisión geográfica |
República Dominicana |
| 9 (RLIN) |
3033 |
| 910 ## - DATOS DE OPCIÓN DEL USUARIO (OCLC) |
| Datos de opción del usuario |
VMateo/Validado. Control de calidad MFF |
| 942 ## - ELEMENTOS DE PUNTO DE ACCESO ADICIONAL (KOHA) |
| Fuente del sistema de clasificación o colocación |
Dewey Decimal Classification |
| Tipo de ítem Koha |
Libro |